Quiz o Półwyspie Arabskim - Statystyki

Ogólne statystyki
  • Ten quiz został rozwiązany 203 razy
    185 od ostatniego zresetowania
  • Średni wynik to 12 z 17
Statystyki odpowiedzi
Pytanie Odpowiedź % Poprawnych
Arabia Saudyjska
97%
Katar
94%
Oman
94%
Jemen
92%
Państwa wchodzące w skład tego półwyspu Zjednoczone Emiraty Arabskie
90%
Państwo wyspiarskie leżące u wybrzeży Kataru Bahrajn
85%
Kuwejt
83%
Irak
82%
Jordania
74%
Morze leżące między Afryką a półwyspem Morze Czerwone
72%
Surowiec licznie tam wydobywany Ropa naftowa
71%
Zatoka leżąca między Iranem a półwyspem Zatoka Perska
65%
Najwyższy budynek świata który stoi w Dubaju Burdż Chalifa
44%
Tytuł należący do władcy państw arabskich Sułtan
42%
Dinar
35%
Waluty państw tam leżących Rial
21%
Dirham
17%
Nie znaleziono quizów pasujących do podanych kryteriów
Rozkład punktacji
Procent ludzi z każdym wynikiem
Percentyl według liczby udzielonych odpowiedzi
Twoja historia wyników
Nie rozwiązałeś tego quizu od ostatniego zresetowania